00597nam a2200205Ia 450000500170000000800410001702000180005808200160007610000190009224500580011126000490016930000200021865000120023865000130025065000120026365000100027594200060028595200850029199900150037620250131015001.0240331s9999 xx 000 0 und d a978955904446X a954.93bSOC aLiyanagamage,A 0aSociety, state and religion :bin premodern Sri lanka aColombobSocial Scientists Associationc2001 aXlvii, 327 p ., aSociety aReligion aHistory aState cL 001040708LaWERCLbWERCLcSSCd2024-03-31l0p6412r2024-03-31w2024-03-31yL c4428d4428